| 000 | 00833nam a22001935i 4500 | ||
|---|---|---|---|
| 001 | 153700 | ||
| 003 | ES-MaACL | ||
| 005 | 20230906205340.0 | ||
| 008 | 040727s1881 sp |||| | spa d | ||
| 080 | _a630(460) | ||
| 110 | 2 |
_aEscuela Especial de Ingenieros de Montes (Madrid) _93567 |
|
| 245 | 1 | 0 | _aInstrucciones para los que deseen seguir la carrera de ingenieros de montes. |
| 260 |
_aMadrid : _b[s.n.], _c1881 ( _fImp. de Moreno y Rojas) |
||
| 300 |
_a30 p. ; _c23 cm. |
||
| 610 | 2 | 4 |
_aEscuela Especial de Ingenieros de Montes (Madrid)- _vProgramas de estudio. _9143795 |
| 650 | 4 |
_aIngenieros de montes- _zEspaƱa. _9142745 |
|
| 852 |
_aES-MaACL _jG-9534(5) _z- Enc. hol. _z- Enc. en un vol. facticio, formando parte de la col. facticia: "Revista de montes. Varios sobre montes, 1880-83, II" |
||
| 852 |
_aES-MaACL _jT-432-F-12 |
||
| 999 |
_c153700 _d153700 |
||